|
|
|
|
| LEADER |
00000nam0a2200000 4500 |
| 001 |
676265 |
| 005 |
20241105112936.0 |
| 090 |
|
|
|a 676265
|
| 100 |
|
|
|a 20241105d1979 k||y0rusy50 ca
|
| 101 |
0 |
|
|a rus
|
| 102 |
|
|
|a UA
|
| 105 |
|
|
|a y z 001yy
|
| 181 |
|
0 |
|a i
|b e
|
| 182 |
|
0 |
|a n
|
| 183 |
|
0 |
|a nc
|2 RDAcarrier
|
| 200 |
1 |
|
|a Методология "Капитала" К. Маркса и системное единство диалектического и исторического материализма (опыт постановки и обсуждения вопроса)
|f А. А. Мамалуй
|
| 203 |
|
|
|a Текст
|b визуальный
|c непосредственный
|
| 210 |
|
|
|a Харьков
|c Вища школа
|d 1979
|
| 215 |
|
|
|a 176 с.
|
| 283 |
|
|
|a volume
|2 RDAcarrier
|
| 320 |
|
|
|a Список литературы: с. 172-175
|
| 606 |
1 |
|
|a Маркс К.
|x Материалы о произведениях
|9 59658
|
| 606 |
1 |
|
|a Материализм
|9 61050
|
| 610 |
1 |
|
|a методология
|
| 610 |
1 |
|
|a диалектический материализм
|
| 610 |
1 |
|
|a философия
|
| 610 |
1 |
|
|a исторический материализм
|
| 610 |
1 |
|
|a Капитал
|
| 610 |
1 |
|
|a научный анализ
|
| 610 |
1 |
|
|a системный анализ
|
| 686 |
|
|
|2 rubbk
|a Ю3(0)6-602.193
|
| 686 |
|
|
|2 rubbk
|a Ю210.1
|
| 700 |
|
1 |
|a Мамалуй
|b А. А.
|g Александр Александрович
|
| 801 |
|
0 |
|a RU
|b 63413507
|c 20241105
|
| 830 |
|
|
|a Ретро2024Каталогизация Кузнецова
|
| 850 |
|
|
|a 63413507
|
| 942 |
|
|
|c BK
|